000 01277nam a22002897a 4500
003 dpl
005 20180723150537.0
008 180723b xxu||||| |||| 00| 0 eng d
010 _aA-718165
020 _c45.00
035 _aA-718165, A-718190
037 _bCen Lib/Ret
040 _aDPL
_bHN
_c0
082 _a
_bबरगो
100 _aबरगोहाई, होमेन
_973276
245 _aमत्स्यगंधा /
_cहोमेन बरगोहाई ; अनुवादक रमा भगवती
246 _aMatsyagandha /
_bby Homen bargohayi ; anuvadak Rama Bhagvati
260 _aनयी दिल्ली
_c1994
_bभरतीय ज्ञानपीठ प्रकाशन
270 _bनयी दिल्ली
_a18,इन्स्टी तुषानल एरिया, लोदी रोड
_e110003
300 _a69पृ.
_c19सेमी(सजिल्द )
650 _aअसामीज साहित्य
_973277
650 _aअसामीज साहित्य
_xउपन्यास
_971149
650 _aAssamese literature
_963196
650 _aAssamese literature
_xfiction
_971150
700 _aभगवती, रमा
_973278
942 _2ddc
_cHN
_h
_mबरगो
999 _c117281
_d117281